000 00315 a2200157 4500
001 44452
020 _a
040 _cAnchieta - Aquarius
100 _aVelloso, Mabel
240 1 0 _aBarrinho
_lpor
245 1 0 _aBarrinho
300 _a32
362 0 _a2005
650 4 _aLiteratura infanto-juvenil
942 _cBK
999 _c44452
_d44452